000
00234nam a2200085Ia 4500
245
0
_a
Love with the perfect scoundrel
100
_a
NASH, Sophia New York, 2009
_9
58379
942
_c
BK
008
210817s9999 xx 000 0 und d
999
_c
282744
_d
282743